Food Quiz - Statistics

General Stats
  • This quiz has been taken 26 times
    7 since last reset
  • The average score is 8 of 16
Answer Stats
Picture Answer % Correct
Cupcake
83%
Gyro
83%
Salmon
83%
Watermelon
83%
Cookie
67%
Macaroon
67%
Cannoli
50%
Garlic Bread
50%
Mozzarella Cheese
50%
Chicken
33%
Guava
33%
Gyoza (Potstickers)
33%
Mochi
33%
Stuffed Bell Pepper
33%
Sea Bass
0%
Soba
0%
No matching quizzes found
Score Distribution
Percent of People with Each Score
Percentile by Number Answered
Your Score History
You have not taken this quiz since the last reset